Detalles MARC
| 000 -LÍDER |
| Campo fijo de descripción fija |
02884nam a2200373 i 4500 |
| 001 - NÚMERO DE CONTROL |
| Campo de control |
768714001 |
| 003 - IDENTIFICADOR DEL NÚMERO DE CONTROL |
| Campo de control |
CO-MdFUSB |
| 005 - FECHA Y HORA DE LA ULTIMA TRANSACCIÓN |
| control field |
20220309155931.0 |
| 007 - CAMPO FIJO DE DESCRIPCIÓN FIJA--INFORMACIÓN GENERAL |
| Campo fijo de descripción fija |
ta |
| 008 - ELEMENTOS DE LONGITUD FIJA -- INFORMACIÓN GENERAL |
| Campo fijo de descripción fija -- Información general |
150917t2016 inu ob 001 0 eng|d |
| 020 ## - NÚMERO INTERNACIONAL NORMALIZADO PARA LIBROS |
| Cancelado / ISBN no válido |
1575064022 |
| 040 ## - FUENTE DE CATALOGACIÓN |
| Agencia de catalogación original |
MiAaPQ |
| Idioma de catalogación |
eng |
| Agencia que realiza la transcripción |
CO-MdFUSB |
| Agencia que realiza la modificación |
MiAaPQ |
| Convenciones de la descripción |
rda |
| -- |
pn |
| 041 ## - CÓDIGO DE IDIOMA |
| Código de idioma para texto/pista de sonido o título separado |
eng |
| 082 ## - NÚMERO DE CLASIFICACIÓN DECIMAL DEWEY |
| Número de la edición del Dewey |
23 |
| Número de clasificación |
224.206 |
| Clave de autor-Numero de item |
EG29 |
| 100 1# - ASIENTO PRINCIPAL--NOMBRE PERSONAL |
| Nombre personal |
Eggleston, Chad L., |
| Término relacionador |
autor |
| 245 10 - TÍTULO |
| Título del Material |
See and read all these words : |
| Parte restante del título - Subtitulo |
the concept of the written in the Book of Jeremiah / |
| Mención de responsabilidad, etc. |
Chad L. Eggleston. |
| 264 #1 - PRODUCCIÓN, PUBLICACIÓN, DISTRIBUCIÓN, MANUFACTURA, Y COPYRIGHT |
| Lugar de producción, publicación, distribución, manufactura |
Winona Lake, Indiana : |
| Nombre del productor, publicador, distribuidor |
Eisenbrauns, |
| Fecha de producción, publicación, distribución, manufactura, o copyright |
[2016] |
| 264 #4 - PRODUCCIÓN, PUBLICACIÓN, DISTRIBUCIÓN, MANUFACTURA, Y COPYRIGHT |
| Fecha de producción, publicación, distribución, manufactura, o copyright |
© 2016 |
| 300 ## - DESCRIPCIÓN FÍSICA |
| Extensión |
194 páginas |
| Dimensiones |
; 24 cm |
| 336 ## - TIPO DE CONTENIDO |
| Término de tipo de contenido |
texto |
| Fuente |
rdacontent. |
| Código de tipo de contenido |
txt |
| 337 ## - TIPO DE MEDIO |
| Fuente |
rdamedia. |
| Código del tipo de medio |
n |
| 338 ## - TIPO DE SOPORTE |
| Nombre del tipo de soporte |
videodisco |
| Fuente |
rdacarrier. |
| Código Tipo de soporte |
nc |
| 490 1# - MENCIÓN DE SERIE |
| Mención de serie |
Siphrut : literature and theology of the Hebrew scriptures ; |
| 504 ## - NOTA DE BIBLIOGRAFÍA, ETC. |
| Nota de bibliografía, etc |
Incluye referencias bibliográficas e índices. |
| 505 ## - NOTA DE CONTENIDO |
| Nota de contenido con formato preestablecido |
Título; Contenido; Expresiones de gratitud; abreviaturas; Introducción. -- Escritura/Corrección de lo escrito en Jeremías. -- Inscripción de escritores en el Libro de Jeremías. -- Inscribiendo lo Escrito en el Libro de Jeremías. -- Inscripción de audiencias en el Libro de Jeremías; Conclusión; Bibliografía; Índice de Autores; Índice de las Escrituras. |
| 520 ## - NOTA DE RESUMEN, ETC. |
| Nota de sumario, etc. |
"Inusualmente para la Biblia hebrea, el libro de Jeremías contiene una gran cantidad de referencias a escritores, escritura y la palabra escrita. El libro (que fue escrito principalmente durante el período del exilio) demuestra un momento clave en la integración continua de la escritura y la palabra escrita. la palabra escrita en la sociedad israelita antigua. Sin embargo, el libro no describe la escritura en abstracto. En cambio, proporciona un relato de su propia textualización, borrando así las líneas entre los textos en la narración y los textos que constituyen el libro. Jeremías se entrelaza inextricablemente con el rollo de Jeremías.Para autenticar el libro de Jeremías como la palabra de YHWH, sus comerciantes presentan un relato teológico de la cadena de transmisión de lo divino al profeta y luego al escriba y la página escrita. , el libro de Jeremías extiende la cadena de transmisión más allá de la palabra escrita para incluir el libro de Jeremías mismo y, finalmente, una audiencia receptora. En esta cadena de transmisión, los tres capítulos exegéticos de See and Read se ocupan de los escritores (YHWH, los profetas y los escribas), la palabra escrita y la audiencia receptora. La palabra escrita, tal como la imagina Jeremías, debe ser recibida por una audiencia devota a través de la lectura pública, pero entregada a través de intermediarios textuales"-- |
| 563 ## - NOTA DE ENCUADERNACIÓN |
| Nota de encuadernación |
Pasta dura |
| 630 07 - TITULO UNIFORME |
| Título uniforme |
Biblia. |
| Nombre de parte o sección de la obra |
Jeremías |
| 655 #4 - TERMINO DE INDIZACION - GENERO/FORMA |
| Datos o término principal de género/forma |
Electronic books. |
| 830 #0 - PUNTO DE ACCESO ADICIONAL DE SERIE - TÍTULO UNIFORME |
| Título uniforme |
Siphrut ; |
| Designación de volumen o secuencia |
18. |
| 942 ## - TIPO DE MATERIAL (KOHA) |
| Tipo de Item KOHA |
Libros General |
| 945 ## - INFORMACIÓN LOCAL DEL REGISTRO |
| Catalogador |
JTF-925 |